000 00532cam a22002052a 4500
001 016030
003 AR-FADEU
008 311216n1967####xxu####################dd
092 _aA863.2
_bM351a
100 _aMármol, José
245 _aAmalia
260 _aBuenos Aires
260 _bCentro Editor de América Latina
260 _c1967
300 _a2 v
440 _aCapitulo
_n10-11
500 _aTomo 1. inv. 8765. -- Tomo 2. inv. 8766
650 _aLITERATURA ARGENTINA-SIGLO XIX; NOVELA/REVISADO/
942 _cBDGR
999 _c21788
_d21788